000 00672nam a2200241Ia 4500
003 OSt
005 20220924115444.0
006 a|||||r|||| 00| 0
007 ta
008 220923b |||||||| |||| 00| 0 san d
024 _a77803
037 _cTextual
040 _aARTS
_cARTS
_bsan
041 _2san
_asan
082 _aR693x2,4, 15L5
100 _aChakravartinayanar A
245 0 _aPancastikayasara
_b the building of the cosmos
260 _aDelhi
_bBhartiya Jnanpith Pub
_c1975
300 _alxvii,210p.
_ccm.
650 _aJAIN PHILOSOPHY
942 _hR693x2,4, 15L5
_cTEXL
_2CC
999 _c398405
_d398405